|
|
|
|
| LEADER |
00000cam a2200000 4500 |
| 001 |
vtls012067906 |
| 003 |
SK-MaSNL |
| 005 |
20260301091730.0 |
| 008 |
210908s2021 xo a a 010 p slo |
| 015 |
|
|
|a SNBA2021/10
|
| 020 |
|
|
|a 9788055178226
|q (viazané)
|
| 040 |
|
|
|a SNK
|b slo
|c SNK
|e rda
|
| 041 |
1 |
|
|a slo
|h eng
|
| 044 |
|
|
|a xo
|c SK
|
| 072 |
|
7 |
|a 821-93
|x Literatúra pre deti a mládež (beletria)
|2 konspekt
|
| 080 |
|
|
|a 821-93
|2 2011
|
| 080 |
|
|
|a (0.025.2)
|2 2011
|
| 100 |
1 |
|
|a Bedford, David,
|d 1969-
|4 aut
|9 214428
|
| 240 |
1 |
4 |
|a The way I love you
|l Slovensky
|
| 245 |
1 |
0 |
|a Len ty a ja
|c David Bedford a Ann James ; z anglického originálu The way I love you ... preložila Lucia Hlubeňová
|
| 264 |
|
1 |
|a Bratislava
|b Ikar, a.s. - Stonožka
|c 2021
|
| 300 |
|
|
|a 23 nečíslovaných strán
|b farebné ilustrácie
|c 18 cm
|
| 336 |
|
|
|a text
|b txt
|2 rdacontent
|
| 336 |
|
|
|a statický obraz
|b sti
|2 rdacontent
|
| 337 |
|
|
|a bez média
|b n
|2 rdamedia
|
| 338 |
|
|
|a zväzok
|b nc
|2 rdacarrier
|
| 500 |
|
|
|a Kartónové listy
|
| 521 |
8 |
|
|a Pre deti od 3 rokov
|
| 655 |
|
7 |
|a publikácie pre deti
|2 SNKPH
|9 70148
|
| 655 |
|
7 |
|a leporelá
|2 SNKPH
|9 60414
|
| 655 |
|
7 |
|a Publications for children
|2 SNKPHeng
|9 276792
|
| 655 |
|
7 |
|a Picture books for children
|2 SNKPHeng
|9 277438
|
| 700 |
1 |
|
|a James, Ann
|4 ill
|9 421469
|
| 700 |
1 |
|
|a Hlubeňová, Lucia
|4 trl
|9 82094
|
| 919 |
|
|
|a 978-80-551-7822-6
|
| 958 |
|
|
|a DB
|
| 958 |
|
|
|a LX
|
| 958 |
|
|
|a UP
|
| 968 |
|
|
|b ENG
|
| 999 |
|
|
|c 672002
|d 673932
|
| 952 |
|
|
|a SNK
|b SNK
|y PREZ
|7 0
|p 17A1459662
|o snkOSD 10367
|i snk2021/13972
|8 0
|0 0
|1 0
|4 0
|d 2021-09-27
|l 0
|r 2026-02-23 19:30:03
|w 2026-02-23
|
| 952 |
|
|
|a SNK
|b SNK
|y PREZ
|7 0
|p 17A1459663
|o snkOSD 10367 D1
|i snk2021/13973
|8 0
|0 0
|1 0
|4 0
|d 2021-09-27
|l 0
|r 2026-02-23 19:30:03
|w 2026-02-23
|